000 00692nam a2200229Ia 4500
003 GCL
008 140319s9999 xx 000 0 ara d
040 _aGCL /
_cGCL
082 0 4 _a910.02
_bى ج
100 1 _aيوسف عبدالمجيد فايد
245 1 0 _aجغرافية المناخ والنبات /
_cيوسف عبدالمجيد فايد
260 _a[S.N] :
_bدار النهضة العربية ،
_c1989
300 _a476 ص
490 _a
650 0 4 _aالجغرافيا الطبيعية
650 0 4 _aالمناخ
650 0 4 _aالنباتات
650 0 4 _aالخرائط
650 0 4 _aالعالم
650 0 4 _aالتوزيع الجغرافى
942 _2ddc
_cBK
999 _c37244
_d37244